[Event "Biel op MTO"]
[Site "Biel"]
[Date "1996.??.??"]
[Round "6"]
[White "Tseitlin, Mark D"]
[Black "Pirrot, Dieter"]
[Result "1-0"]
[WhiteElo "2540"]
[BlackElo "2415"]

1.e4 e5 2.Nf3 Nc6 3.Bb5 a6 4.Ba4 Nf6 5.O-O b5 6.Bb3 Bb7 7.d3 Be7 8.c4 O-O
9.Nc3 bxc4 10.Bxc4 d6 11.a3 Nd4 12.Bg5 Rb8 13.Rb1 c6 14.Nxd4 exd4 15.Ne2 d5
16.exd5 c5 17.Bxf6 Bxf6 18.Qa4 Bxd5 19.Qxa6 Rb6 20.Qa4 Be5 21.Ng3 Bc6 22.Qa5 Bd6
23.Rfe1 Qc7 24.Qd2 Rfb8 25.b3 g6 26.Qg5 Bb5 27.Bxb5 Rxb5 28.Nh5 Bf8 29.Nf6+ Kh8
30.a4 Rxb3 31.Rxb3 Rxb3 32.g3 h6 33.Qd5 Qb7 34.Qd8 Qb8 35.Qd7 Qb7 36.Qe8 Kg7
37.Nd7 Bd6 38.Nxc5 Bxc5 39.Qe5+ Kh7 40.Qxc5 Rb1 41.Rf1 Rxf1+ 42.Kxf1 Qb1+
43.Ke2 Qa2+ 44.Kf3 Qxa4 45.Ke4 f5+ 46.Ke5 Qd7 47.Qd6 Qg7+ 48.Ke6 Qg8+ 49.Kd7 Qa2
50.Qxd4 h5 51.h4 Qf7+ 52.Kc6 Qe6+ 53.Qd6 Qe2 54.Qd4 Qe6+ 55.Kc7 Qa6 56.Kd7 Qa8
57.Ke7 Qa5 58.Qd8 Qe5+ 59.Kf7 Qg7+ 60.Ke6 Qb2 61.d4  1-0

[Event "Bled op"]
[Site "Bled"]
[Date "1996.??.??"]
[Round "3"]
[White "Praznik, Anton"]
[Black "Gostisa, Leon"]
[Result "1/2-1/2"]
[WhiteElo "2260"]
[BlackElo "2425"]

1.e4 e5 2.Nf3 Nc6 3.Bb5 a6 4.Ba4 Nf6 5.O-O b5 6.Bb3 Bb7 7.d3 Bd6 8.Bd2 O-O
9.a4 Re8 10.Na3 b4 11.Nc4 Bf8 12.Re1 a5 13.c3 d6 14.Ng5 Re7 15.Ne3 h6 16.Nf3 bxc3
17.bxc3 Bc8 18.Nd5 Nxd5 19.Bxd5 Ra6 20.Bc4 Ra8 21.Bd5 Ra6 22.Bc4 Ra8 23.Bd5 Ra6  1/2-1/2

[Event "Bucharest"]
[Site "Bucharest"]
[Date "1996.??.??"]
[Round "?"]
[White "Nisipeanu, Liviu Dieter"]
[Black "Dumitrache, Dragos"]
[Result "*"]
[WhiteElo "2500"]
[BlackElo "2495"]

1.e4 e5 2.Nf3 Nc6 3.Bb5 a6 4.Ba4 Nf6 5.O-O b5 6.Bb3 Bb7 7.c3 Nxe4 8.d4 exd4
9.Re1 Na5 10.Ng5 d5 11.Qh5 Qf6 12.f3 g6 13.Qh4 Bc5 14.fxe4 dxc3+ 15.Kh1 cxb2
16.exd5+ Be7 17.Bxb2 Qxb2 18.Nc3 O-O-O 19.Qh3+ f5 20.Rab1 Qxb1 21.Rxb1 Bxg5  *

[Event "Budapest FS03 IM"]
[Site "Budapest"]
[Date "1996.??.??"]
[Round "8"]
[White "Farago, Sandor"]
[Black "Jovanovic, Sasa D"]
[Result "1-0"]
[WhiteElo "2365"]
[BlackElo "2300"]

1.e4 e5 2.Nf3 Nc6 3.Bb5 a6 4.Ba4 Nf6 5.O-O b5 6.Bb3 Bb7 7.Nc3 Bc5 8.Nxe5 Nxe5
9.d4 Bxd4 10.Qxd4 d6 11.Qe3 c5 12.Bd5 Nxd5 13.Nxd5 Bxd5 14.exd5 O-O 15.Qg3 Qf6
16.Bf4 Ng6 17.Bxd6 Rfd8 18.Bxc5 Rxd5 19.Be3 Qxb2 20.Qc7 Rad8 21.h3 Ne5 22.c3 h6
23.Bd4 Nc4 24.h4 Qa3 25.Qg3 Qf8 26.Rfe1 Nd6 27.Qg4 Nf5 28.Be5 f6 29.Qxf5 fxe5
30.Qe6+ Qf7 31.Qxa6 Rd2 32.Rf1 Rf8 33.Qxb5 Rxa2 34.Rxa2 Qxa2 35.Qxe5 Qc4
36.g3 Rc8 37.Rd1 Qf7 38.Rd4 Kh8 39.Rf4 Qb7 40.c4 Qb1+ 41.Kg2 Qb7+ 42.Qd5 Qc7
43.Rf7 Qb6 44.Rb7 Qf6 45.Rf7 Qc3 46.Rd7 Qf6 47.c5 Rf8 48.Qd4 Qf3+ 49.Kg1 Rf6
50.Rd8+  1-0

[Event "Spring op"]
[Site "Budapest"]
[Date "1996.??.??"]
[Round "9"]
[White "Amrein, Roland"]
[Black "Besztercsenyi, Tibor"]
[Result "0-1"]
[WhiteElo "2215"]
[BlackElo "2310"]

1.e4 e5 2.Nf3 Nc6 3.Bb5 a6 4.Ba4 Nf6 5.O-O b5 6.Bb3 Bb7 7.c3 Nxe4 8.Re1 Nc5
9.Nxe5 Nxe5 10.Rxe5+ Ne6 11.d4 Bd6 12.Rh5 g6 13.Rh3 O-O 14.d5 Nc5 15.Nd2 Nxb3
16.Nxb3 Re8 17.Na5 Bxd5 18.Bh6 c6 19.Nb7 Qf6 20.Qd2 Bc7 21.Nc5 Qf5 22.Qd4 f6
23.g4 Qe5 24.Nxd7 Qe1+  0-1

[Event "JUG-chT"]
[Site "Budva"]
[Date "1996.??.??"]
[Round "4"]
[White "Georgiev, Kiril"]
[Black "Beliavsky, Alexander G"]
[Result "1/2-1/2"]
[WhiteElo "2615"]
[BlackElo "2615"]

1.e4 e5 2.Nf3 Nc6 3.Bb5 a6 4.Ba4 Nf6 5.O-O b5 6.Bb3 Bb7 7.Re1 Bc5 8.c3 d6
9.d4 Bb6 10.Be3 O-O 11.Nbd2 h6 12.h3 Rb8 13.Bc2 Re8 14.a3 Na7 15.a4 Nc6 16.axb5 axb5
17.Bd3 b4 18.d5 bxc3 19.bxc3 Bxe3 20.Rxe3 Ne7 21.c4 c6 22.Bf1 Qc7 23.Ne1 Ra8
24.Rb1 Ra7 25.Reb3 Rea8 26.Nd3 Bc8 27.Nb4 Bd7 28.R3b2 Ra4 29.Bd3 Qa7 30.Nc2 Bc8
31.Nb4 Qc5 32.Bc2 Ra3 33.Qe1 Nh5 34.Nb3 Qb6 35.dxc6 Nxc6 36.Nd5 Qd8 37.Bd1 Nf4
38.Rd2 Ne6 39.Bg4 Rb8 40.Rdb2 Qg5 41.Qd1 Ra7 42.Nd2 Rxb2 43.Rxb2 Qd8 44.Rb6 Bd7
45.Nf3 Be8 46.Rb2 Nc5 47.Nc3 Ra3 48.Nb5 Rd3 49.Qb1 Na5 50.Ne1 Rb3 51.Rxb3 Naxb3
52.Nf3 Kf8 53.Qd1 Ke7 54.Nh4 g6 55.Nc3 Kf8 56.g3 Nd4 57.Nf3 Ncb3 58.Nxd4 Nxd4
59.h4 h5 60.Be2 Qa5 61.Nb5 Qb6 62.Nxd4 exd4 63.Qa1 Bd7 64.Bd3 Ke7 65.Kg2 Be6
66.f3 Qb4 67.Qxd4 Qd2+ 68.Kg1 Qd1+ 69.Kf2 Qd2+  1/2-1/2

[Event "Calcutta op"]
[Site "Calcutta"]
[Date "1996.??.??"]
[Round "4"]
[White "Konguveel, Ponnuswamy"]
[Black "Bakliwal, Gaurav"]
[Result "1/2-1/2"]
[WhiteElo "2395"]
[BlackElo "2285"]

1.e4 e5 2.Nf3 Nc6 3.Bb5 a6 4.Ba4 Nf6 5.O-O b5 6.Bb3 Bb7 7.Re1 Bc5 8.c3 d6
9.d4 Bb6 10.Be3 h6 11.h3 O-O 12.Nbd2 Nd7 13.d5 Ne7 14.Nf1 f5 15.exf5 Nxf5
16.Bxb6 Nxb6 17.Ne3 Qd7 18.Qd2 a5 19.a3 Nxe3 20.Rxe3 a4 21.Ba2 Nc4 22.Bxc4 bxc4
23.Rd1 Ra5 24.Qe2 Bxd5 25.Nd2 Qc6 26.Rg3 Rb5 27.Nf1 Be4 28.Ne3 Bd3 29.Qh5 Kh8
30.Rxd3 cxd3 31.Nf5 Qe8 32.Rg6 Qf7 33.Rxh6+ gxh6 34.Qxh6+ Kg8 35.Qg5+ Kh7
36.Qh6+ Kg8  1/2-1/2

[Event "Calcutta op"]
[Site "Calcutta"]
[Date "1996.??.??"]
[Round "8"]
[White "Hegde, Ravi Gopal"]
[Black "Bakliwal, Gaurav"]
[Result "1/2-1/2"]
[WhiteElo "2355"]
[BlackElo "2285"]

1.e4 e5 2.Nf3 Nc6 3.Bb5 a6 4.Ba4 Nf6 5.O-O b5 6.Bb3 Bb7 7.Re1 Bc5 8.c3 d6
9.d4 Bb6 10.a4 h6 11.Na3 O-O 12.Bc2 exd4 13.cxd4 Nb4 14.Bb1 d5 15.e5 Ne4
16.Bd2 Nc6 17.Be3 f5 18.exf6 Qxf6 19.axb5 Ne7 20.bxa6 Rxa6 21.Qb3 Kh8 22.Bd3 Raa8
23.Nc2 Nf5 24.Rxa8 Bxa8 25.Rf1 c5 26.dxc5 Nxe3 27.fxe3 Nxc5 28.Qa3 Nxd3 29.Qxd3 Qxb2
30.Ncd4 Bxd4 31.exd4 Bc6 32.Rb1 Qa2 33.h3 Bd7 34.Rb6 Bf5 35.Qe3 Be4 36.Nd2 Qa1+
37.Kh2 Qa7 38.Re6 Qc7+ 39.Re5 Rf5 40.Qg3 Rxe5 41.dxe5 Kg8 42.Qf4 Qf7 43.Qg3 Qf5
44.Nb3 g5 45.Nd4 Qf4 46.Qxf4 gxf4 47.Ne2 f3 48.gxf3 Bxf3 49.Nd4 Be4 50.Kg3 Kf7
51.Kg4 Kg6 52.h4 Bd3 53.Kf4 Kf7 54.Ke3 Bf1 55.Nf5 Ke6 56.Kf4 Bh3 57.Nd4+ Ke7
58.Ke3 Bf1 59.Nc2  1/2-1/2

[Event "Calcutta op"]
[Site "Calcutta"]
[Date "1996.??.??"]
[Round "10"]
[White "Bakre, Tejas"]
[Black "Bakliwal, Gaurav"]
[Result "1-0"]
[WhiteElo "2170"]
[BlackElo "2285"]

1.e4 e5 2.Nf3 Nc6 3.Bb5 a6 4.Ba4 Nf6 5.O-O b5 6.Bb3 Bb7 7.c3 Nxe4 8.d4 exd4
9.Re1 d5 10.Ng5 Na5 11.Rxe4+ dxe4 12.Bxf7+ Ke7 13.Qg4 Qd6 14.Bf4 Qf6 15.Nd2 h6
16.Ndxe4 Bxe4 17.Re1 hxg5 18.Bxg5 Kxf7 19.Bxf6 gxf6 20.Rxe4 Re8 21.Rxe8 Kxe8
22.Qc8+ Kf7 23.Qxc7+ Be7 24.Qxa5 d3 25.Kf1 Rxh2 26.Ke1 Rxg2 27.Qxa6 d2+ 28.Kxd2 Rxf2+
29.Kd3 Rxb2 30.Qb7 b4 31.cxb4 Rxb4 32.Qd5+ Kf8 33.Qd7 Rb6 34.Qc8+ Kf7 35.a4 Rd6+
36.Ke4 Re6+ 37.Kf3 Re5 38.Qc7 Rf5+ 39.Kg4 Rg5+ 40.Kf4 Rc5 41.Qd7 Re5 42.Qc7 Kg6
43.a5 Bc5 44.a6 Rf5+ 45.Ke4 Re5+ 46.Kd3 Rg5 47.Kc4 Bg1 48.Qd8 Kg7 49.Kd3 Bc5
50.Ke4 Bg1 51.Kf4 Bh2+ 52.Kf3 Bg1 53.Qc7+ Kg6 54.a7 Bxa7 55.Qxa7 Rf5+ 56.Ke4 Re5+
57.Kd4 Rg5 58.Qe7 Re5 59.Qf8 Rg5 60.Qg8+ Kf5 61.Qf7 Rg1 62.Kd5 Rd1+ 63.Kc6 Re1
64.Qh5+ Ke6 65.Qe8+  1-0

[Event "Capablanca mem-C"]
[Site "Cienfuegos"]
[Date "1996.??.??"]
[Round "4"]
[White "Hernandez, Tania"]
[Black "Moreno, Alejandro"]
[Result "1/2-1/2"]
[WhiteElo "2240"]
[BlackElo "2420"]

1.e4 e5 2.Nf3 Nc6 3.Bb5 a6 4.Ba4 Nf6 5.O-O b5 6.Bb3 Bb7 7.Re1 h6 8.h3 g6
9.Nc3 Bg7 10.d4 d6 11.a4 exd4 12.axb5 axb5 13.Rxa8 Bxa8 14.Nxb5 O-O 15.Nfxd4 Nxd4
16.Nxd4 Nxe4 17.c3 c5 18.Nf3 d5 19.Bf4 f5 20.Be5 Re8 21.Bxg7 Kxg7 22.Nd2 d4
23.cxd4 cxd4 24.Nf3 d3 25.Bc4 d2 26.Nxd2 Qg5 27.Nxe4 Bxe4 28.f3 Rd8 29.Qb3 Qd2
30.Qc3+ Qxc3 31.bxc3 Rc8 32.Ba6 Ra8 33.fxe4 Rxa6 34.exf5 gxf5 35.Kf2 Ra2+
36.Kf3 Rc2 37.Re3 Kf6 38.Kf4 Rxg2 39.Rd3 Rf2+ 40.Ke3 Rc2 41.Kd4 Kg5 42.c4 f4
43.c5 Kf5  1/2-1/2

[Event "Politiken Cup"]
[Site "Copenhagen"]
[Date "1996.??.??"]
[Round "9"]
[White "Tseshkovsky, Vitaly"]
[Black "Furhoff, Johan"]
[Result "0-1"]
[WhiteElo "2540"]
[BlackElo "2305"]

1.e4 e5 2.Nf3 Nc6 3.Bb5 a6 4.Ba4 Nf6 5.O-O b5 6.Bb3 Bb7 7.d3 Bd6 8.c3 O-O
9.Re1 Re8 10.Nbd2 Bf8 11.a3 h6 12.Ba2 d5 13.b4 dxe4 14.dxe4 Qd7 15.Qe2 Rad8
16.Bb2 Nh5 17.g3 Qg4 18.Nh4 Qxe2 19.Rxe2 Nf6 20.Rc1 a5 21.Nb3 Ra8 22.Bb1 Red8
23.Nf3 Nd7 24.Bd3 a4 25.Nbd2 Na7 26.Ree1 f6 27.Bf1 c5 28.Rb1 Rac8 29.Bh3 Rc6
30.Nf1 Nb6 31.Bc1 cxb4 32.cxb4 Bc8 33.Bg2 Be6 34.Ne3 Nac8 35.Nh4 Nd6 36.Rd1 Ba2
37.Ra1 Bb3 38.Re1 Ndc4 39.Nef5 Kf7 40.Bf3 g6 41.Nxh6+ Bxh6 42.Bxh6 Nd2 43.Be2 Bc4
44.Be3 Bxe2 45.Rxe2 Nbc4 46.Bxd2 Rxd2 47.Rxd2 Nxd2 48.Kg2 Nxe4 49.Re1 Nd6
50.Rd1 g5 51.Nf3 g4 52.Nd2 Ke6 53.Nf1 Nc4 54.Rd3 e4 55.Rd8 Nxa3 56.Re8+ Kd5
57.Ne3+ Kd4 58.Nxg4 Nc4 59.Ra8 f5  0-1

[Event "CZE-chT 9596"]
[Site "?"]
[Date "1996.??.??"]
[Round "3"]
[White "Knazovcik, Ladislav"]
[Black "Gross, David"]
[Result "1/2-1/2"]
[WhiteElo "2330"]
[BlackElo "2365"]

1.e4 e5 2.Nf3 Nc6 3.Bb5 a6 4.Ba4 Nf6 5.O-O b5 6.Bb3 Bb7 7.Re1 Bc5 8.c3 d6
9.d3 h6 10.h3 Qd7 11.a4 O-O 12.Nbd2 Rae8 13.Nf1 d5 14.axb5 axb5 15.Qe2 dxe4
16.dxe4 Nd8 17.Ng3 Qc6 18.Be3 Bxe3 19.Qxe3 Bc8 20.c4 Re7 21.Rec1 bxc4 22.Rxc4 Qb7
23.Ra7 Qb8 24.Raa4 Be6 25.Rcb4 Qc8 26.Bxe6 Qxe6 27.Rb8 Ree8 28.Qc3 Nd7 29.Rb5 c6
30.Rba5 Nb7 31.Ra7 Rb8 32.Ra1 Kh7 33.b4 Rfc8 34.R7a6 Nd6 35.Rd1 Nb5 36.Qc2 Ra8
37.Rxa8 Rxa8 38.Qd3 Nf6 39.Rc1 Ra3 40.Qc4 Rb3 41.Qxe6 fxe6 42.Rxc6 Rxb4 43.Rxe6 Nxe4
44.Nxe4 Rxe4 45.Rxe5 Rxe5 46.Nxe5 g5 47.Kf1 Nd4 48.Ke1 Kg7 49.Kd2 Kf6 50.Ng4+ Kg6
51.Kd3 Ne6 52.g3 h5 53.Ne3 h4 54.Ke4 hxg3 55.fxg3 Nc5+ 56.Kd4 Nb3+ 57.Ke5 Nd2
58.Nf5 Nf3+ 59.Ke6 Ng1 60.Ne7+ Kh6 61.Kf5 Nxh3 62.Ng8+ Kg7 63.Nf6 Nf2 64.Kxg5 Nh1  1/2-1/2

[Event "CZE-chT 9596"]
[Site "?"]
[Date "1996.??.??"]
[Round "10"]
[White "Sabol, Marian"]
[Black "Gross, David"]
[Result "0-1"]
[WhiteElo "2240"]
[BlackElo "2365"]

1.e4 e5 2.Nf3 Nc6 3.Bb5 a6 4.Ba4 Nf6 5.O-O b5 6.Bb3 Bb7 7.d4 Nxd4 8.Bxf7+ Kxf7
9.Nxe5+ Ke8 10.Qxd4 Nxe4 11.Nc3 d5 12.Nxe4 dxe4 13.Qc3 Bd6 14.f4 Qe7 15.Be3 Rf8
16.a4 g5 17.g3 gxf4 18.gxf4 Qg7+ 19.Kh1 Rxf4 20.Bxf4 e3+ 21.Nf3 Qxc3 22.bxc3 Bxf4
23.Kg2 Ke7 24.Kh3 Rf8 25.Nd4 Bc8+ 26.Kg2 Bb7+ 27.Kh3 Rf6 28.axb5 axb5 29.Nxb5 Bc8+
30.Kg2 Bb7+ 31.Kh3 Rh6+ 32.Kg4 Bxh2 33.Nd4 Rg6+ 34.Kh5 Ba6 35.Rf3 Bg1 36.Rg3 Rxg3
37.Nf5+ Kf7 38.Nxg3 Bf2 39.Ne4 Be2+ 40.Kg5 Ke6 41.Kf4 h5 42.Ng3 Bc4 43.Nh1 h4
44.Kg4 Kd6 45.Rd1+ Ke5 46.Ra1 Be6+ 47.Kf3 Bd5+ 48.Ke2 h3 49.Nxf2 exf2 50.c4 f1=Q+  0-1

[Event "Eupen op"]
[Site "Eupen"]
[Date "1996.??.??"]
[Round "?"]
[White "Kovalev, Andrei"]
[Black "Deppe, Arne"]
[Result "1-0"]
[WhiteElo "2495"]
[BlackElo "2120"]

1.e4 e5 2.Nf3 Nc6 3.Bb5 a6 4.Ba4 Nf6 5.O-O b5 6.Bb3 Bb7 7.d3 Bd6 8.a4 Na5
9.Ba2 c5 10.Nc3 b4 11.Ne2 h6 12.Ng3 g6 13.Nd2 Qe7 14.Nc4 Nxc4 15.Bxc4 O-O-O
16.c3 Kb8 17.Qb3 Rh7 18.a5 Ka8 19.Bd2 Rb8 20.Rae1 h5 21.h3 h4 22.Ne2 Nh5
23.cxb4 cxb4 24.Bd5 Bc5 25.Qc4 Ka7 26.Rc1 Ng3 27.Nxg3 Rc8 28.d4 hxg3 29.dxc5 Bc6
30.fxg3 Bb5 31.Qxb4  1-0

[Event "Frydek-Mistek op"]
[Site "Frydek-Mistek"]
[Date "1996.??.??"]
[Round "6"]
[White "Veselovsky, Sergey"]
[Black "Czerwonski, Aleksander"]
[Result "1/2-1/2"]
[WhiteElo "2455"]
[BlackElo "2400"]

1.e4 e5 2.Nf3 Nc6 3.Bb5 a6 4.Ba4 Nf6 5.O-O b5 6.Bb3 Bb7 7.c3 Nxe4 8.d4 Na5
9.Nxe5 Nxb3 10.Qxb3 Nd6 11.Re1  1/2-1/2

[Event "Oberliga Nord N9697"]
[Site "Germany"]
[Date "1996.??.??"]
[Round "?"]
[White "Neukirch, Detlef"]
[Black "Kahlert, Thomas"]
[Result "1-0"]
[WhiteElo "2310"]
[BlackElo "2280"]

1.e4 e5 2.Nf3 Nc6 3.Bb5 a6 4.Ba4 Nf6 5.O-O b5 6.Bb3 Bb7 7.d3 Be7 8.c4 bxc4
9.Bxc4 O-O 10.Nc3 d6 11.a3 Na5 12.Ba2 c5 13.b4 cxb4 14.axb4 Nc6 15.Nd5 Rb8
16.Rb1 Na7 17.Nxf6+ Bxf6 18.Qa4 Nb5 19.Bd2 Qd7 20.Rbc1 h6 21.Be3 Rfc8 22.Nd2 Bc6
23.Qd1 Nc7 24.Nc4 Bg5 25.h4 Bxe3 26.fxe3 Ne6 27.Qh5 Rf8 28.Rf3 Kh8 29.Rcf1 Nd8
30.Rf6 gxf6 31.Qxh6+ Kg8 32.Rf5 Qxf5 33.exf5 Rxb4 34.e4 d5 35.Ne3  1-0

[Event "Landesliga S9596 Bayern"]
[Site "Germany"]
[Date "1996.??.??"]
[Round "?"]
[White "Gnegel, Boris Igor"]
[Black "Von Werner, Konrad"]
[Result "1-0"]
[WhiteElo "2010"]
[BlackElo "1990"]

1.e4 e5 2.Nf3 Nc6 3.Bb5 a6 4.Ba4 Nf6 5.O-O b5 6.Bb3 Bb7 7.Re1 Bc5 8.c3 d6
9.d4 Bb6 10.h3 Qe7 11.a4 O-O 12.d5 Na5 13.Bc2 bxa4 14.Bxa4 Bc8 15.b4 Nb7
16.Bc6 Rb8 17.Qe2 Nd8 18.Ba4 Nd7 19.Bc2 Ra8 20.Bg5 f6 21.Be3 Bxe3 22.Qxe3 Nb6
23.Nbd2 f5 24.exf5 Bxf5 25.Bxf5 Rxf5 26.c4 Qf8 27.Qd3 Nb7 28.Ne4 h6 29.c5 dxc5
30.bxc5 Nxc5 31.Nxc5 Rxf3 32.Qxf3 Qxc5 33.Rxe5 a5 34.Rae1 Rf8 35.Re8 Nd7
36.Rxf8+ Nxf8 37.Re8 a4 38.Ra8 Qb4 39.Qe3 Kf7 40.Qe8+  1-0

[Event "Bundesliga 9697"]
[Site "Germany"]
[Date "1996.??.??"]
[Round "?.6"]
[White "Stolz, Mike"]
[Black "Mainka, Romuald"]
[Result "1-0"]
[WhiteElo "2300"]
[BlackElo "2455"]

1.e4 e5 2.Nf3 Nc6 3.Bb5 a6 4.Ba4 Nf6 5.O-O b5 6.Bb3 Bb7 7.d3 Be7 8.a4 O-O
9.Nc3 b4 10.Nd5 Na5 11.Nxe7+ Qxe7 12.Ba2 d5 13.exd5 Nxd5 14.Re1 f6 15.Bd2 c5
16.c3 Rad8 17.cxb4 cxb4 18.Re4 Nc6 19.Qe1 Kh8 20.Bxd5 Rxd5 21.Bxb4 Nxb4 22.Qxb4 Qf7
23.Qb3 a5 24.Rc1 Rc5 25.Rec4 e4 26.Nd2 Rxc4 27.Nxc4 Rc8 28.Qc3 Qd5 29.dxe4 Qxe4
30.f3 Qf4 31.b3 h5 32.Rd1 h4 33.Qxa5 Re8 34.Qh5+  1-0

[Event "Graz op"]
[Site "Graz"]
[Date "1996.??.??"]
[Round "?"]
[White "Murrey, Jacob"]
[Black "Beliavsky, Alexander G"]
[Result "1/2-1/2"]
[WhiteElo "2495"]
[BlackElo "2620"]

1.e4 e5 2.Nf3 Nc6 3.Bb5 a6 4.Ba4 Nf6 5.O-O b5 6.Bb3 Bb7 7.d3 Bc5 8.Be3 d6
9.Nc3 Bxe3 10.fxe3 Na5 11.Bd5 O-O 12.Bxb7 Nxb7 13.Qe1 Nc5 14.Nh4 c6 15.Nf5 g6
16.Qg3 Ra7 17.b4 Nh5 18.Qf3 Ne6 19.a4 Rc7 20.axb5 axb5 21.g3 f6 22.Qg4 Qd7
23.Nh4 Nhg7 24.Ra3 Ra7 25.Rb3 d5 26.exd5 cxd5 27.Qf3 d4 28.Nd5 f5 29.e4 Qd8
30.Qe2 Raf7 31.Rbb1 Ng5 32.Nf3 Nxf3+ 33.Qxf3 Ne6 34.h4 f4 35.Qg4 Nc7 36.gxf4 Nxd5
37.exd5 exf4 38.Rbe1 Qxd5 39.Re4 Qd6 40.Qe6 Qxe6 41.Rxe6 f3 42.Kf2 Rf4 43.Kg3 f2
44.Re4 Rxe4 45.dxe4 Kg7 46.e5 Rf5 47.Rxf2 Rxe5 48.Rf4 Re3+ 49.Kf2 Rc3 50.Rxd4 Rxc2+
51.Kg3 Rc3+ 52.Kf4 h5 53.Rd7+ Kh6 54.Rd4 Rh3 55.Ke5 Rg3 56.Rd5 Rg4 57.Rxb5 Rxh4
58.Rb8 Kg5 59.Kd5 Rh1 60.b5 Rb1 61.b6 h4 62.b7 h3 63.Kc6 Kg4 64.Rh8 g5 65.b8=Q Rxb8
66.Rxb8 h2 67.Rh8 Kg3 68.Kd5 g4 69.Ke4 Kg2 70.Kf4 g3 71.Kg4  1/2-1/2

[Event "SLO-ch"]
[Site "Grize"]
[Date "1996.??.??"]
[Round "?"]
[White "Furlan, Miha"]
[Black "Petek, P."]
[Result "1-0"]
[WhiteElo "2320"]
[BlackElo "2175"]

1.e4 e5 2.Nf3 Nc6 3.Bb5 a6 4.Ba4 Nf6 5.O-O b5 6.Bb3 Bb7 7.c3 Nxe4 8.d4 Na5
9.Nxe5 Nxb3 10.Qxb3 Qf6 11.f3 Nc5 12.Ng4 Nxb3 13.Nxf6+ Ke7 14.Bg5 gxf6 15.Re1+ Kd6
16.Bf4+ Kc6 17.axb3 Bd6 18.Bxd6 Kxd6 19.b4 Rhe8 20.Rxe8 Rxe8 21.Kf2 f5 22.Nd2 Kd5
23.g3 d6 24.Rd1 Kc6 25.Nf1 Kb6 26.Ne3 Bc8 27.Nd5+ Kb7 28.h4 Rh8 29.Re1 Kc6
30.Nf4 Kd7 31.Nh5 Kd8 32.Re2 h6 33.Re1 Be6 34.Ke3 c6 35.Nf4 Rg8 36.Kf2 Kd7
37.Ra1 Ra8 38.Ke3 Kc7 39.Ng2 Kb6 40.Kf4 Rg8 41.Ne3 Rg6 42.Rg1 Rf6 43.Rd1 Bc8
44.h5 Bd7 45.b3 Bc8 46.c4 Bd7 47.Ra1 Bc8 48.Rc1 Bd7 49.Rc3 Bc8 50.c5+ dxc5
51.bxc5+ Kb7 52.b4 Be6 53.Ke5  1-0

[Event "NLD-chT9697"]
[Site "Holland"]
[Date "1996.??.??"]
[Round "?"]
[White "De Jong, Migchiel"]
[Black "Van de Oudeweetering, Arthur"]
[Result "1-0"]
[WhiteElo "2310"]
[BlackElo "2345"]

1.e4 e5 2.Nf3 Nc6 3.Bb5 a6 4.Ba4 Nf6 5.O-O b5 6.Bb3 Bb7 7.d3 Be7 8.Nc3 O-O
9.Bd2 d6 10.Nd5 Nxd5 11.Bxd5 Qc8 12.Re1 Nd8 13.d4 exd4 14.Nxd4 Bf6 15.c3 Ne6
16.Nf5 Nc5 17.Qf3 Bxd5 18.exd5 Nd7 19.Bf4 Re8 20.Qg4 g6 21.Nh6+ Kf8 22.Qf3 Kg7
23.Ng4 Rxe1+ 24.Rxe1 Qd8 25.Qe3 h5 26.Nxf6 Qxf6 27.h3 Nb6 28.Bg5 Qf5 29.Qd4+ Kh7
30.Bd2 Qxd5 31.Qf4 Nc4 32.Qh6+ Kg8 33.Bg5 Qf5 34.Re4 f6 35.Re7  1-0

[Event "Jyvaskyla op2"]
[Site "Jyvaskyla"]
[Date "1996.??.??"]
[Round "2"]
[White "Maki, Veijo"]
[Black "Luukkonen, Tommi"]
[Result "1-0"]
[WhiteElo "2420"]
[BlackElo "2100"]

1.e4 e5 2.Nf3 Nc6 3.Bb5 a6 4.Ba4 Nf6 5.O-O b5 6.Bb3 Bb7 7.d3 Be7 8.Nc3 O-O
9.a4 b4 10.Nd5 Nxd5 11.Bxd5 Bf6 12.Bd2 Rb8 13.a5 Re8 14.Ra4 Nxa5 15.Bxb7 Nxb7
16.Bxb4 Re6 17.Qa1 Ra8 18.Qa2 g5 19.Nd2 Bg7 20.Ra1 g4 21.Nf1 h5 22.Ne3 Kh7
23.Qc4 c5 24.Bc3 Qb6 25.b4 Bf8 26.Nd5 Qc6 27.b5 axb5 28.Rxa8 bxc4 29.Rxf8 Rg6
30.Raa8 f6 31.Ne7  1-0

[Event "IND-ch"]
[Site "Kasaragod"]
[Date "1996.??.??"]
[Round "4"]
[White "Ravi, Thandalam Shanmugam"]
[Black "Gokhale, CS."]
[Result "1-0"]
[WhiteElo "2345"]
[BlackElo "2340"]

1.e4 e5 2.Nf3 Nc6 3.Bb5 a6 4.Ba4 Nf6 5.O-O b5 6.Bb3 Bb7 7.Re1 Bc5 8.c3 d6
9.d4 Bb6 10.h3 h6 11.Be3 O-O 12.Nbd2 exd4 13.cxd4 Nb4 14.Qb1 c5 15.a3 Nc6
16.e5 cxd4 17.Bxh6 gxh6 18.exf6 Qxf6 19.Ne4 Qg7 20.Bd5 Ne5 21.Nxe5 Bxd5 22.Nd7 f5
23.Nxb6 Bxe4 24.Rxe4 fxe4 25.Nxa8 d5 26.Nb6 Qb7 27.Qa2 Rd8 28.Re1 e3 29.Nxd5 exf2+
30.Kxf2 Rxd5 31.Kg1 Kh7 32.b4 d3 33.Qd2 Qa7+ 34.Kh1 Qc7 35.Re6 Qg7 36.Qe3 Rd8
37.Re7 d2 38.Rxg7+ Kxg7 39.Qe7+  1-0

[Event "IND-ch"]
[Site "Kasaragod"]
[Date "1996.??.??"]
[Round "8"]
[White "Hegde, Ravi Gopal"]
[Black "Gokhale, CS."]
[Result "0-1"]
[WhiteElo "2355"]
[BlackElo "2340"]

1.e4 e5 2.Nf3 Nc6 3.Bb5 a6 4.Ba4 Nf6 5.O-O b5 6.Bb3 Bb7 7.d3 Bc5 8.a4 d6
9.Nc3 Na5 10.axb5 Nxb3 11.cxb3 axb5 12.Rxa8 Qxa8 13.Nxb5 Qa5 14.Na3 O-O 15.Nc4 Qa2
16.Bg5 Nd7 17.Be3 f5 18.Ng5 f4 19.Bxc5 Nxc5 20.d4 exd4 21.e5 h6 22.exd6 hxg5
23.dxc7 Qxb3 24.Nd6 Ba6 25.Qxd4 Ne6 26.Qa7 Qd3 27.Ra1 Qxd6 28.Qxa6 Qxa6 29.Rxa6 Nxc7
30.Rc6 Re8 31.h4 Ne6 32.hxg5 Nxg5 33.b4 Re1+ 34.Kh2 Re2 35.Rg6 Ne6 36.Kg1 Kf7
37.Rg4 Rb2 38.g3 Rxb4 39.gxf4 Nxf4 40.Kh2 Kf6 41.Rg3 g5 42.Ra3 Kf5 43.Kg3 Ne2+
44.Kg2 Nd4 45.Rd3 Ne6 46.Kg3 Rg4+ 47.Kf3 Nd4+ 48.Ke3 Re4+ 49.Kd2 Ne6 50.Rd5+ Kf4
51.Kd3 Kf3  0-1

[Event "IND-ch"]
[Site "Kasaragod"]
[Date "1996.??.??"]
[Round "14"]
[White "Konguveel, Ponnuswamy"]
[Black "Gokhale, CS."]
[Result "1-0"]
[WhiteElo "2395"]
[BlackElo "2340"]

1.e4 e5 2.Nf3 Nc6 3.Bb5 a6 4.Ba4 Nf6 5.O-O b5 6.Bb3 Bb7 7.Re1 Bc5 8.c3 d6
9.d4 Bb6 10.Be3 O-O 11.Nbd2 Re8 12.d5 Ne7 13.Bxb6 cxb6 14.Bc2 Nd7 15.Nf1 Rf8
16.Ne3 Rc8 17.Rc1 Rc7 18.h4 h6 19.g3 Qa8 20.Qd2 f5 21.exf5 Nf6 22.Bb3 Nfxd5
23.Rcd1 Rc5 24.h5 Kh8 25.Nh4 Nxe3 26.Qxe3 Rf6 27.Be6 Qe8 28.b4 Qc6 29.f3 Rxc3
30.Rd3 Rxd3 31.Qxd3 Bc8 32.Rxe5 Rf8 33.Re2 Qc1+ 34.Kg2 Qg5 35.Bxc8 Rxc8 36.Rxe7  1-0

[Event "SLO-ch U20"]
[Site "Kranj"]
[Date "1996.??.??"]
[Round "3"]
[White "Kovacic, Peter"]
[Black "Petek, Pavel"]
[Result "0-1"]
[WhiteElo "2140"]
[BlackElo "2145"]

1.e4 e5 2.Nf3 Nc6 3.Bb5 a6 4.Ba4 Nf6 5.O-O b5 6.Bb3 Bb7 7.Qe2 Bc5 8.c3 O-O
9.Rd1 d6 10.d3 h6 11.h3 Re8 12.Nbd2 Ne7 13.Nf1 Ng6 14.Qc2 Nh5 15.Be3 Qf6
16.Bxc5 dxc5 17.Qe2 Ngf4 18.Qe3 Qg6 19.Ne1 Rad8 20.Kh2 c4 21.dxc4 Bxe4 22.f3 Bd3
23.Qf2 bxc4 24.Ba4 Re6 25.Ne3 Red6 26.g3 Ne2 27.Nxd3 cxd3 28.g4 Nhf4 29.Nf5 Kh7
30.Nxd6 Rxd6 31.Bb3 f5 32.Qh4 fxg4 33.Qxg4 Qf6 34.h4 Qe7 35.h5 e4 36.Rg1 Nxg1
37.Rxg1 Qe5 38.Rg3 Qxh5+ 39.Qxh5 Nxh5 40.Rg4 e3 41.Re4 d2 42.Bd1 Rd3 43.f4 Kg6
44.Kg2 e2  0-1

[Event "Las Tunas"]
[Site "Las Tunas"]
[Date "1996.??.??"]
[Round "?"]
[White "Leyva, Ricardo"]
[Black "Moreno, Alejandro"]
[Result "1-0"]
[WhiteElo "2370"]
[BlackElo "2390"]

1.e4 e5 2.Nf3 Nc6 3.Bb5 a6 4.Ba4 Nf6 5.O-O b5 6.Bb3 Bb7 7.Re1 h6 8.d4 d6
9.c3 g6 10.a4 Bg7 11.axb5 axb5 12.Rxa8 Qxa8 13.Na3 b4 14.Nc4 O-O 15.d5 Na5
16.cxb4 Nxb3 17.Qxb3 Rb8 18.Nfd2 Nxe4 19.Rxe4 Bxd5 20.Rg4 Be6 21.Rg3 d5 22.Na5 c5
23.Qc2 cxb4 24.Ndb3 Rc8 25.Qd1 Qb8 26.h4 h5 27.Bd2 d4 28.Qe1 Rc2 29.Bxb4 Rxb2
30.Ba3 Ra2 31.Qc1 Qb5 32.Be7 Rxa5 33.Nxa5 Qxa5 34.Ra3 Qd5 35.Qc7 Kh7 36.Qb8 Qe4
37.Ra8 f5 38.Bf6 Bxf6 39.Ra7+ Bg7 40.Qf8  1-0

[Event "Anibal op 3rd"]
[Site "Linares"]
[Date "1996.??.??"]
[Round "?"]
[White "Stefansson, Hannes"]
[Black "Babu, N Sudhakar"]
[Result "1-0"]
[WhiteElo "2540"]
[BlackElo "2445"]

1.e4 e5 2.Nf3 Nc6 3.Bb5 a6 4.Ba4 Nf6 5.O-O b5 6.Bb3 Bb7 7.Re1 Bc5 8.c3 d6
9.d4 Bb6 10.Be3 Qe7 11.h3 Na5 12.Bc2 c5 13.Nbd2 Nc6 14.d5 Nb8 15.a4 O-O 16.axb5 axb5
17.Rxa8 Bxa8 18.Qe2 Qd7 19.Bd3 c4 20.Bxb6 cxd3 21.Qxd3 Qb7 22.Be3 Na6 23.Ra1 Nd7
24.Nb3 Nac5 25.Nxc5 dxc5 26.Ra5 c4 27.Qd1 f5 28.Ra7 Qc8 29.exf5 Rxf5 30.Ng5 e4
31.Qg4 g6 32.Qxe4 Bxd5 33.Qe7  1-0

[Event "Litomysl op"]
[Site "Litomysl"]
[Date "1996.??.??"]
[Round "6"]
[White "Safranska, Anda"]
[Black "Petek, Pavel"]
[Result "1/2-1/2"]
[WhiteElo "2270"]
[BlackElo "2175"]

1.e4 e5 2.Nf3 Nc6 3.Bb5 a6 4.Ba4 Nf6 5.O-O b5 6.Bb3 Bb7 7.d3 Bd6 8.c3 h6
9.Nbd2 O-O 10.Re1 Re8 11.Nf1 Bf8 12.Ng3 d5 13.exd5 Nxd5 14.d4 Nf6 15.Nxe5 Nxe5
16.dxe5 Qxd1 17.Bxd1 Nd7 18.f4 Rad8 19.Be3 Bc5 20.Nf1 g5 21.g3 gxf4 22.gxf4 Bxe3+
23.Rxe3 Nc5 24.Bc2 Ne6 25.f5 Nf4 26.Rd1 Rxd1 27.Bxd1 Rxe5 28.Kf2 Rxf5 29.Re8+ Kg7
30.Bg4 Nd3+ 31.Ke3 Re5+ 32.Rxe5 Nxe5 33.Be2 f5 34.Nd2 Kf6 35.Nb3 Kg5 36.Nc5 Bc8
37.a4 Ng4+ 38.Kf3 Nxh2+ 39.Kg2 Ng4 40.axb5 axb5 41.Bxb5 Ne3+ 42.Kf3 f4 43.Bd7 Bxd7
44.Nxd7 Nd1 45.Nc5 Nxb2 46.Ne6+ Kf5 47.Nxc7 Nc4 48.Nd5 Ne5+ 49.Kg2 h5 50.Kh3 Ng4
51.c4 Ke4 52.Nc3+ Kd4 53.Nd5 f3 54.Nf4 f2 55.Kg2 Ke3 56.Nxh5 Ke2 57.Nf4+ Ke3  1/2-1/2

[Event "Ljubljana op"]
[Site "Ljubljana"]
[Date "1996.??.??"]
[Round "2"]
[White "Ilijin, Neboisa"]
[Black "Semrl, Marjan"]
[Result "1/2-1/2"]
[WhiteElo "2315"]
[BlackElo "2150"]

1.e4 e5 2.Nf3 Nc6 3.Bb5 a6 4.Ba4 Nf6 5.O-O b5 6.Bb3 Bb7 7.c3 Nxe4 8.d4 Na5
9.Bc2 exd4 10.Re1 d5 11.Nxd4 Bd6 12.Qg4 O-O 13.f3 Bc8 14.Qh5 Nf6 15.Qh4 Re8
16.Bg5 Rxe1+ 17.Qxe1 Qe7  1/2-1/2